[Event "MMaS_2014_U10"]
[Site "?"]
[Date "2014.10.27"]
[Round "5.7"]
[White "Dudova, Pavlina"]
[Black "Vavra, Jan  "]
[Result "0-1"]
[WhiteElo "1088"]
[BlackElo "1440"]
[PlyCount "103"]
[EventDate "2014.10.25"]

1. e4 e5 2. Nf3 Nc6 3. Nc3 Nf6 4. Bb5 Bc5 5. d3 d6 6. O-O Bg4 7. Bg5 h6 8. Bh4
g5 9. Bg3 Qe7 10. Nd5 Nxd5 11. exd5 a6 12. Bxc6+ bxc6 13. dxc6 h5 14. h3 Bxf3
15. Qxf3 h4 16. Bh2 Qe6 17. Rae1 f5 18. c3 g4 19. Qe2 Rg8 20. d4 Bb6 21. dxe5
gxh3 22. exd6 Qxe2 23. Rxe2+ Kd8 24. dxc7+ Bxc7 25. Rd1+ Kc8 26. Bxc7 Kxc7 27.
Re7+ Kxc6 28. Rh7 hxg2 29. Rxh4 Rg6 30. Rh2 Rag8 31. b4 Kb5 32. a3 f4 33. Rc1
f3 34. c4+ Kc6 35. c5 Re8 36. a4 Rge6 37. Rxg2 fxg2 38. Kxg2 Re4 39. b5+ axb5
40. axb5+ Kxb5 41. c6 Rc8 42. c7 Rc4 43. Rf1 R8xc7 44. f4 Rf7 45. f5 Rc6 46.
Kg3 Rcf6 47. Kg4 Kc5 48. Rc1+ Kd5 49. Rd1+ Kc6 50. Rc1+ Kd7 51. Rd1+ Rd6 52.
Ra1 0-1

[Event "MMaS_2014_U10"]
[Site "?"]
[Date "2014.10.27"]
[Round "5.8"]
[White "Vasinek, Martin"]
[Black "Vecera, Dominik"]
[Result "1-0"]
[WhiteElo "1083"]
[BlackElo "1287"]
[PlyCount "45"]
[EventDate "2014.10.25"]

1. e4 e5 2. Nf3 Nc6 3. Bc4 Bc5 4. d3 h6 5. Nc3 Nf6 6. h3 O-O 7. O-O d6 8. Be3
Bxe3 9. fxe3 Ne7 10. Qe1 Ng6 11. Qg3 Nh5 12. Qf2 Be6 13. Bb3 Bxb3 14. cxb3 c6
15. Ne2 Qd7 16. Ng3 Nf6 17. Nf5 Ne7 18. N3h4 Ng6 19. Nxh6+ gxh6 20. Qxf6 Nxh4
21. Qxh4 Qd8 22. Rf6 Qxf6 23. Qxf6 1-0

[Event "MMaS_2014_U10"]
[Site "?"]
[Date "2014.10.27"]
[Round "5.9"]
[White "Londin, Lukas Vojtech"]
[Black "Tajovsky, Simon"]
[Result "1-0"]
[WhiteElo "1060"]
[BlackElo "1125"]
[PlyCount "63"]
[EventDate "2014.10.25"]

1. e4 c5 2. Nc3 Nc6 3. Bc4 g6 4. Nge2 Bg7 5. a3 a5 6. d3 Nf6 7. Be3 b6 8. Qd2
Ng4 9. Bf4 O-O 10. f3 Nf6 11. O-O-O Rb8 12. Nb5 Ba6 13. Bxb8 Qxb8 14. g4 Qe5
15. f4 Qb8 16. g5 Ng4 17. Nec3 Bxc3 18. bxc3 e6 19. Qe2 Qxf4+ 20. Kb1 Nf2 21.
Rdf1 Qe5 22. Rxf2 Bxb5 23. Bxb5 Qxc3 24. Bxc6 dxc6 25. Rhf1 Qxa3 26. Rf6 Qb4+
27. Kc1 e5 28. Qf2 Re8 29. Rxf7 a4 30. Rb7 a3 31. Qf7+ Kh8 32. Qxh7# 1-0

[Event "MMaS_2014_U10"]
[Site "?"]
[Date "2014.10.27"]
[Round "5.10"]
[White "Kanak, Matyás"]
[Black "Richter, Rudolf"]
[Result "0-1"]
[WhiteElo "1017"]
[BlackElo "1108"]
[PlyCount "56"]
[EventDate "2014.10.25"]

1. e4 e5 2. Nf3 Nf6 3. Nc3 Nc6 4. d4 Bd6 5. Bg5 h6 6. Bh4 b6 7. Bb5 Bb7 8. Nd5
g5 9. Bg3 Nxe4 10. Qe2 Nxg3 11. hxg3 Nxd4 12. Nxd4 Bxd5 13. f3 a6 14. Bxa6 Bc5
15. Qxe5+ Qe7 16. Qxe7+ Kxe7 17. O-O-O Rxa6 18. Nf5+ Ke6 19. Ng7+ Kd6 20. Nf5+
Ke5 21. Ng7 Rxa2 22. b3 Rha8 23. Kd2 Bb4+ 24. Kd3 R8a5 25. Rxh6 Rc5 26. Rh5
Rc3+ 27. Kd2 Rcxc2+ 28. Kd3 Rc3# 0-1

[Event "MMaS_2014_U12"]
[Site "?"]
[Date "2014.10.25"]
[Round "1.1"]
[White "Volak, Simon"]
[Black "Demko, Robert"]
[Result "0-1"]
[WhiteElo "1281"]
[BlackElo "1665"]
[PlyCount "58"]
[EventDate "2014.??.??"]

1. e4 c5 2. Nf3 d6 3. d4 cxd4 4. Nxd4 Nf6 5. Nc3 a6 6. Bg5 e6 7. Bd3 Be7 8. Qd2
O-O 9. O-O Nbd7 10. f4 Qb6 11. Nce2 e5 12. Bxf6 Bxf6 13. fxe5 dxe5 14. c3 exd4
15. Rf3 dxc3+ 16. Qe3 Qxe3+ 17. Rxe3 cxb2 18. Rb1 b5 19. Kf1 Bb7 20. Ng3 g6 21.
Re2 Rfe8 22. Kg1 Ne5 23. Bc2 Nc4 24. Rd1 Rad8 25. Rxd8 Rxd8 26. Re1 Rd2 27. Bb1
Bd4+ 28. Kh1 Bf2 29. Rf1 Ne3 0-1

[Event "MMaS_2014_U12"]
[Site "?"]
[Date "2014.10.25"]
[Round "1.2"]
[White "Zavadil, Matyas"]
[Black "Walek, Filip"]
[Result "1-0"]
[WhiteElo "1613"]
[BlackElo "1278"]
[PlyCount "61"]
[EventDate "2014.??.??"]

1. d4 d5 2. Nf3 e6 3. e3 Nf6 4. Bd3 Nbd7 5. O-O Bd6 6. Nbd2 O-O 7. b3 b6 8. Bb2
c5 9. Ne5 Qc7 10. f4 a6 11. a4 Bb7 12. Rf3 Ne4 13. Nxd7 Qxd7 14. Bxe4 dxe4 15.
Rg3 f6 16. Nc4 Bc7 17. dxc5 Qxd1+ 18. Rxd1 Rfd8 19. Rxd8+ Rxd8 20. cxb6 Bb8 21.
Bxf6 Rd1+ 22. Kf2 Bd5 23. Rxg7+ Kf8 24. Rxh7 e5 25. Nxe5 Bxe5 26. Bxe5 Rd2+ 27.
Ke1 Rxc2 28. b7 Kg8 29. Rh8+ Kf7 30. b8=Q Rxg2 31. Qe8# 1-0

[Event "MMaS_2014_U12"]
[Site "?"]
[Date "2014.10.25"]
[Round "1.3"]
[White "Hvotdovic, Jan"]
[Black "Krejcok, Tobias"]
[Result "0-1"]
[WhiteElo "1274"]
[BlackElo "1594"]
[PlyCount "70"]
[EventDate "2014.??.??"]

1. e4 e5 2. f4 d6 3. Nf3 Nc6 4. d3 g6 5. Nc3 Bg7 6. Be2 Nge7 7. O-O O-O 8. h3
Bd7 9. b3 exf4 10. Bb2 Ne5 11. Rb1 Qc8 12. Nxe5 dxe5 13. Bg4 h5 14. Bxd7 Qxd7
15. Ne2 f5 16. Ba3 Rfd8 17. c4 Nc6 18. exf5 Qxf5 19. Nc1 e4 20. Bb2 Bxb2 21.
Rxb2 Qe5 22. Re2 e3 23. a4 Nd4 24. Ra2 Re8 25. Ne2 Rad8 26. Nxf4 e2 27. Nxe2
Nxe2+ 28. Rxe2 Qxe2 29. Rf8+ Kxf8 30. Qxe2 Rxe2 31. Kf1 Rd2 32. d4 R8xd4 33.
Kg1 Rb2 34. b4 Rdd2 35. g4 Rb1# 0-1

[Event "MMaS_2014_U12"]
[Site "?"]
[Date "2014.10.25"]
[Round "1.4"]
[White "Mica, Marek"]
[Black "Kubala, Vojtech"]
[Result "1-0"]
[WhiteElo "1582"]
[BlackElo "1262"]
[PlyCount "133"]
[EventDate "2014.??.??"]

1. d4 d5 2. c4 Nf6 3. Nc3 Bf5 4. Nf3 Nc6 5. Bf4 e6 6. e3 Bd6 7. Bxd6 cxd6 8.
cxd5 exd5 9. Be2 O-O 10. a3 Re8 11. O-O Be4 12. Bd3 h6 13. h3 Qd7 14. Rc1 Rac8
15. Be2 a6 16. Nd2 Rc7 17. Ncxe4 dxe4 18. b4 Rec8 19. Nb3 d5 20. Nc5 Qd6 21.
Qb3 Ne7 22. Qb2 b5 23. Rc3 Qc6 24. Nxe4 Qe6 25. Rxc7 Rxc7 26. Nc5 Qd6 27. Rc1
Qc6 28. Nd3 Qd6 29. Rxc7 Qxc7 30. Nc5 Qc6 31. a4 Nf5 32. axb5 axb5 33. Qb1 Nh4
34. Qf1 Nd7 35. Bxb5 Qd6 36. Bxd7 Qg6 37. Bg4 h5 38. Be2 Qb6 39. b5 g6 40. Na4
Qa5 41. Bd1 Nf5 42. b6 Nd6 43. Qe2 Nb7 44. Kf1 Kf8 45. Qc2 Kg7 46. g3 Qa6+ 47.
Be2 Qa5 48. Nc5 Qxb6 49. Nxb7 Qxb7 50. Bf3 Qd7 51. Kg2 Kf6 52. Qa2 Ke6 53.
Qxd5+ Qxd5 54. Bxd5+ Kxd5 55. f3 Ke6 56. e4 f6 57. f4 Kd6 58. g4 hxg4 59. hxg4
Ke6 60. f5+ gxf5 61. gxf5+ Kd6 62. Kf3 Ke7 63. Kf4 Kd6 64. e5+ fxe5+ 65. dxe5+
Ke7 66. f6+ Kf7 67. Kf5 1-0

[Event "MMaS_2014_U12"]
[Site "?"]
[Date "2014.10.25"]
[Round "1.5"]
[White "Keprt, Tomas"]
[Black "Richterova, Julie"]
[Result "0-1"]
[WhiteElo "1254"]
[BlackElo "1564"]
[PlyCount "106"]
[EventDate "2014.??.??"]

1. e4 c6 2. d4 d5 3. exd5 cxd5 4. Nf3 Bg4 5. Be2 Nc6 6. Bf4 e6 7. O-O Qb6 8. h3
Bxf3 9. Bxf3 Qxb2 10. Nd2 Nxd4 11. Rc1 Nxf3+ 12. Nxf3 Qxa2 13. Qd3 Qa4 14. c4
Be7 15. Be3 Nf6 16. Bd4 O-O 17. Bxf6 Bxf6 18. cxd5 Rfd8 19. Qe3 Rxd5 20. Qe2
Rad8 21. Rfe1 Qb5 22. Qc2 Qd3 23. Qa4 a6 24. Rf1 Qb5 25. Qa2 Rc5 26. Rxc5 Qxc5
27. Nd2 Qd5 28. Nb3 Rc8 29. Qb1 g6 30. Nc1 b5 31. Nd3 Rc3 32. Nf4 Qc4 33. g3
Rb3 34. Qd1 g5 35. Ne2 Qd3 36. Qxd3 Rxd3 37. Nc1 Rd8 38. Nb3 Ra8 39. Rc1 b4 40.
Rc5 Be7 41. Ra5 Bd8 42. Ra4 a5 43. Kg2 Kf8 44. Kf3 Ke7 45. Ke4 Kd6 46. Kd3 Kd5
47. f3 e5 48. g4 f6 49. Kc2 Kc4 50. Nd2+ Kb5 51. Kb3 Rc8 52. Nb1 Rc1 53. Nd2
Rc3+ 0-1

[Event "MMaS_2014_U12"]
[Site "?"]
[Date "2014.10.25"]
[Round "1.6"]
[White "Ocko, Dominik"]
[Black "Crlik, Filip"]
[Result "1-0"]
[WhiteElo "1561"]
[BlackElo "1250"]
[PlyCount "48"]
[EventDate "2014.??.??"]

1. e4 e5 2. Bc4 Nf6 3. d3 Nc6 4. Nf3 d6 5. Nc3 Bg4 6. h3 Bxf3 7. Qxf3 Nd4 8.
Qd1 Be7 9. Be3 Nc6 10. Qd2 Nb4 11. O-O-O O-O 12. f4 exf4 13. Bxf4 Nh5 14. g3
Nxf4 15. gxf4 Bf6 16. Rhg1 Bd4 17. Rg4 c6 18. a3 Qb6 19. Qg2 Be3+ 20. Kb1 g6
21. axb4 Qxb4 22. f5 Bd4 23. Qd2 h5 24. Rxg6+ Kh7 1-0

[Event "MMaS_2014_U12"]
[Site "?"]
[Date "2014.10.25"]
[Round "1.7"]
[White "Londin, Martin"]
[Black "Nemec, David"]
[Result "0-1"]
[WhiteElo "1246"]
[BlackElo "1559"]
[PlyCount "74"]
[EventDate "2014.??.??"]

1. e4 c5 2. Nf3 Nc6 3. c3 Nf6 4. d3 d6 5. Be3 Ng4 6. h3 Nxe3 7. fxe3 e6 8. Be2
Be7 9. O-O Qb6 10. Qc2 O-O 11. Nbd2 a6 12. c4 Bf6 13. Rab1 Bd7 14. a3 Rac8 15.
Qd1 Qa7 16. Qe1 b5 17. cxb5 axb5 18. Qg3 Qc7 19. Ng5 Be7 20. Bh5 Ne5 21. Be2 h6
22. Ngf3 Nc6 23. Qe1 Bf6 24. Qc1 Qb6 25. Qc2 Na5 26. Nb3 Nc6 27. Qd2 Rb8 28.
Qc2 b4 29. axb4 Nxb4 30. Qc4 Bb5 31. Qc1 Bxd3 32. Bxd3 Nxd3 33. Qd2 Qxb3 34.
Rfd1 c4 35. Nd4 Qb4 36. Qc2 Qc5 37. e5 Bxe5 0-1

[Event "MMaS_2014_U12"]
[Site "?"]
[Date "2014.10.25"]
[Round "1.8"]
[White "Szotkowski, David"]
[Black "Janotka, Oldrich"]
[Result "1-0"]
[WhiteElo "1532"]
[BlackElo "1241"]
[PlyCount "67"]
[EventDate "2014.??.??"]

1. e4 e5 2. Nf3 Nc6 3. Bc4 Bc5 4. c3 Bb6 5. d3 d6 6. O-O Nf6 7. Nbd2 Bg4 8. Re1
Qd7 9. Nf1 O-O 10. h3 Bh5 11. Ng3 Bg6 12. Bb3 Rfe8 13. Be3 Rad8 14. Bxb6 axb6
15. Bc2 d5 16. Nh4 Re6 17. Nxg6 hxg6 18. Qf3 Rd6 19. Rad1 Nh5 20. Nxh5 gxh5 21.
Bb3 dxe4 22. dxe4 g6 23. Rxd6 cxd6 24. Qf6 Qe7 25. Qxg6+ Kf8 26. Qxh5 Ke8 27.
Re3 Rd7 28. Rg3 Kd8 29. Rg7 Qf6 30. Rxf7 Rxf7 31. Qxf7 Qh6 32. Be6 Nb8 33. Qg8+
Kc7 34. Qc8# 1-0

[Event "MMaS_2014_U12"]
[Site "?"]
[Date "2014.10.25"]
[Round "1.9"]
[White "Soban, Jan"]
[Black "Sebesta, Jan"]
[Result "0-1"]
[WhiteElo "1218"]
[BlackElo "1511"]
[PlyCount "91"]
[EventDate "2014.??.??"]

1. e4 d5 2. exd5 Qxd5 3. Nc3 Qa5 4. Nf3 Nf6 5. d3 c6 6. Bd2 Qc7 7. Be2 e5 8.
O-O Bd6 9. Bg5 Nd5 10. Qd2 O-O 11. Bh6 gxh6 12. Qxh6 f6 13. Ne4 Nf4 14. Rfe1
Ng6 15. Nh4 Bb4 16. c3 Ba5 17. Nxg6 hxg6 18. Qxg6+ Qg7 19. Qxg7+ Kxg7 20. b4
Bc7 21. h4 Rh8 22. h5 f5 23. Nd2 Bd7 24. f3 Rxh5 25. g4 fxg4 26. fxg4 Rg5 27.
Ne4 Rg6 28. g5 Bb6+ 29. Kh2 Kf8 30. Rf1+ Ke7 31. Bh5 Rg7 32. g6 Na6 33. Rf7+
Rxf7 34. gxf7 Rh8 35. Ng3 Bf2 36. Rf1 Bxg3+ 37. Kxg3 Rf8 38. Kh4 Nc7 39. Rg1
Be6 40. Rg7 Bxf7 41. Bxf7 Rxf7 42. Rg4 Rf4 43. Rxf4 exf4 44. Kg4 Nd5 45. c4
Nxb4 46. Kxf4 0-1

[Event "MMaS_2014_U12"]
[Site "?"]
[Date "2014.10.25"]
[Round "1.10"]
[White "Dvorakova, Olga"]
[Black "Lanca, Petr David"]
[Result "1-0"]
[WhiteElo "1510"]
[BlackElo "1201"]
[PlyCount "133"]
[EventDate "2014.??.??"]

1. e4 e5 2. Nf3 Nc6 3. Bb5 Bc5 4. d3 h6 5. O-O Nf6 6. Bxc6 dxc6 7. Nxe5 Bd6 8.
Nc4 Ng4 9. e5 Bc5 10. Qe2 b5 11. Na5 Qd5 12. h3 Bxf2+ 13. Rxf2 Nxf2 14. Kxf2
O-O 15. Nc3 Qd4+ 16. Qe3 Qh4+ 17. Qg3 Qxg3+ 18. Kxg3 Bd7 19. Ne4 Kh7 20. Nc5
Be8 21. Kf3 f5 22. Ne6 Rf7 23. d4 Re7 24. Nf4 g5 25. Nd3 Rd8 26. Be3 f4 27. Bg1
Rg7 28. h4 Bf7 29. hxg5 hxg5 30. Nb4 Bd5+ 31. Kf2 Rg6 32. b3 Be4 33. c3 g4 34.
Nb7 g3+ 35. Kf1 Re8 36. Nc5 Bd5 37. Nxd5 cxd5 38. Ke2 c6 39. Nd3 Rf8 40. Kf3
Rg5 41. Nxf4 Rgf5 42. Be3 Rg5 43. Ke2 Rg4 44. Rf1 Rc8 45. Kf3 Rg7 46. Rh1+ Kg8
47. Nh5 Rf7+ 48. Kxg3 Re7 49. Bg5 Re6 50. Nf6+ Kg7 51. Kf4 Rh8 52. Rxh8 Kxh8
53. Kf5 Re7 54. Nxd5 Rf7+ 55. Nf6 Kg7 56. e6 Re7 57. Nh5+ Kf8 58. Bxe7+ Kxe7
59. g4 b4 60. cxb4 c5 61. bxc5 a5 62. d5 a4 63. b4 a3 64. d6+ Kd8 65. c6 Ke8
66. c7 Kf8 67. c8=Q# 1-0

[Event "MMaS_2014_U12"]
[Site "?"]
[Date "2014.10.25"]
[Round "1.11"]
[White "Karlik, Jachym"]
[Black "Hrabal, Matej"]
[Result "0-1"]
[WhiteElo "1193"]
[BlackElo "1498"]
[PlyCount "50"]
[EventDate "2014.??.??"]

1. e4 e5 2. Nf3 Nc6 3. d4 exd4 4. Nxd4 Nf6 5. Nc3 Bb4 6. Nxc6 bxc6 7. Qd3 O-O
8. Bd2 Re8 9. f3 d5 10. O-O-O Be6 11. Kb1 a5 12. g4 d4 13. Ne2 Bxd2 14. Rxd2 c5
15. h4 Nd7 16. Nf4 Ne5 17. Qe2 Nc4 18. Rd1 Ne3 19. Nxe6 Rxe6 20. Rd3 c4 21. Rd2
c3 22. bxc3 Qb8+ 23. Kc1 Rb6 24. Rd3 Rb1+ 25. Kd2 Nc4# 0-1

[Event "MMaS_2014_U12"]
[Site "?"]
[Date "2014.10.25"]
[Round "1.12"]
[White "Kures, Michael"]
[Black "Dvorak, Martin"]
[Result "1-0"]
[WhiteElo "1486"]
[BlackElo "1191"]
[PlyCount "103"]
[EventDate "2014.??.??"]

1. f4 f5 2. Nf3 Nf6 3. e3 e6 4. b3 b6 5. Bb2 Bb7 6. Be2 Nc6 7. O-O Qe7 8. a4
O-O-O 9. Ne5 Ne4 10. d3 Nxe5 11. Bxe5 d6 12. Bb2 Nc5 13. a5 g5 14. Bxh8 Bg7 15.
Bxg7 Qxg7 16. Ra2 gxf4 17. Bf3 Rg8 18. Qe2 Ne4 19. dxe4 fxe4 20. Bg4 f3 21.
Bxe6+ Kd8 22. Qf2 Rf8 23. g3 h5 24. axb6 Rf6 25. bxa7 Rxe6 26. a8=Q+ Bxa8 27.
Rxa8+ Ke7 28. Ra7 Kd7 29. h4 Rg6 30. Kh2 Qb2 31. Nd2 Qxc2 32. Nxe4 Qxe4 33.
Qxf3 Qc2+ 34. Rf2 Qxb3 35. Qf7+ Qxf7 36. Rxf7+ Ke6 37. Raxc7 Kd5 38. Rh7 Rf6
39. Rxh5+ Ke6 40. Rhh7 Rf2+ 41. Kh3 Ke5 42. h5 Ke4 43. Rhe7+ Kd3 44. h6 Ke2 45.
Rf7 Rxf7 46. Rxf7 d5 47. h7 Kxe3 48. h8=Q d4 49. Qe5+ Kd2 50. Qxd4+ Ke2 51.
Rf2+ Ke1 52. Qd2# 1-0

[Event "MMaS_2014_U12"]
[Site "?"]
[Date "2014.10.25"]
[Round "1.13"]
[White "Parizek, Vit"]
[Black "Kopec, Ladislav"]
[Result "0-1"]
[WhiteElo "1180"]
[BlackElo "1484"]
[PlyCount "70"]
[EventDate "2014.??.??"]

1. e4 c5 2. Nf3 d6 3. Bc4 e6 4. c3 a6 5. d4 b5 6. Bd3 cxd4 7. cxd4 Bb7 8. O-O
Nf6 9. Bg5 Be7 10. a4 bxa4 11. Qxa4+ Bc6 12. Qa5 Qxa5 13. Rxa5 Nxe4 14. Bxe7
Kxe7 15. Re1 Nf6 16. Nc3 Kd7 17. Ng5 Rf8 18. Bxh7 g6 19. Re3 Bb7 20. Rh3 Nc6
21. Ra1 Nxd4 22. Rd1 Nf5 23. f3 Rab8 24. Nce4 Nd5 25. g4 Nf4 26. gxf5 Nxh3+ 27.
Nxh3 Bxe4 28. fxe4 Rh8 29. fxg6 fxg6 30. Ng5 Rxb2 31. e5 d5 32. Ra1 Ra8 33.
Bxg6 Rg8 34. Rxa6 Rxg6 35. h4 Rb4 0-1

[Event "MMaS_2014_U12"]
[Site "?"]
[Date "2014.10.25"]
[Round "1.14"]
[White "Machacek, Lukas"]
[Black "Petricek, Lukas"]
[Result "0-1"]
[WhiteElo "1481"]
[BlackElo "1128"]
[PlyCount "128"]
[EventDate "2014.??.??"]

1. e4 c5 2. Nf3 e6 3. d4 Nc6 4. Bb5 Qa5+ 5. Nc3 Nxd4 6. Nxd4 cxd4 7. Qxd4 a6 8.
Bd3 Nf6 9. Qa4 Bb4 10. Qxa5 Bxa5 11. Bd2 O-O 12. O-O-O b5 13. a3 Ng4 14. Rhf1
Bb6 15. Be1 Bb7 16. h3 Ne5 17. f4 Nxd3+ 18. cxd3 f5 19. Bf2 Bxf2 20. Rxf2 fxe4
21. dxe4 e5 22. g3 Rf7 23. f5 Rc8 24. Re1 a5 25. Kb1 g6 26. g4 Rcf8 27. Nxb5
Ba6 28. Nc3 gxf5 29. gxf5 Bc8 30. Rg1+ Kh8 31. Rfg2 Ba6 32. b4 axb4 33. axb4
Bd3+ 34. Kb2 Rb8 35. Kb3 d6 36. Rd2 Rfb7 37. Rxd3 Rxb4+ 38. Ka3 Rb3+ 39. Ka2
R3b6 40. Na4 Ra8 41. Ra3 Rba6 42. Kb3 Rb8+ 43. Kc3 Rba8 44. Rga1 Ra5 45. f6 Kg8
46. Kb4 Kf7 47. Nb6 Rxa3 48. Rxa3 Rxa3 49. Kxa3 Kxf6 50. h4 Kg6 51. Nc8 Kh5 52.
Nxd6 Kxh4 53. Nf7 Kg4 54. Nh6+ Kf4 55. Kb3 Kxe4 56. Kc2 Kf3 57. Kd2 e4 58. Nf5
Kf4 59. Nh4 Kg3 60. Nf5+ Kf3 61. Nh4+ Kf2 62. Nf5 h5 63. Ng3 Kxg3 64. Ke3 h4
0-1

[Event "MMaS_2014_U12"]
[Site "?"]
[Date "2014.10.25"]
[Round "2.1"]
[White "Demko, Robert"]
[Black "Koci, Tomas"]
[Result "1/2-1/2"]
[WhiteElo "1665"]
[BlackElo "1414"]
[PlyCount "64"]
[EventDate "2014.??.??"]

1. d4 d5 2. c4 c6 3. Nc3 Nf6 4. cxd5 cxd5 5. Nf3 g6 6. Bf4 Bg7 7. e3 O-O 8. Bd3
Bf5 9. Bxf5 gxf5 10. Qb3 Qd7 11. Ne5 Qc8 12. Nxd5 Nxd5 13. Qxd5 e6 14. Qb3 Nd7
15. Nxd7 Qxd7 16. O-O Rac8 17. Rac1 b6 18. Rfd1 Rfd8 19. h3 Kh8 20. Rc3 Rxc3
21. Qxc3 Rc8 22. Qd2 Rd8 23. Bg3 Qd5 24. b3 e5 25. Qe2 exd4 26. exd4 Kg8 27.
Bf4 Bxd4 28. Be3 Qe4 29. Qc4 Bf6 30. Rxd8+ Bxd8 31. Qxe4 fxe4 32. Kf1 f5
1/2-1/2

[Event "MMaS_2014_U12"]
[Site "?"]
[Date "2014.10.25"]
[Round "2.2"]
[White "Blaha, Marek"]
[Black "Zavadil, Matyas"]
[Result "1/2-1/2"]
[WhiteElo "1435"]
[BlackElo "1613"]
[PlyCount "70"]
[EventDate "2014.??.??"]

1. d4 d5 2. Nc3 Nf6 3. Bf4 a6 4. Nf3 e6 5. e3 c5 6. dxc5 Bxc5 7. Bd3 O-O 8. O-O
Nc6 9. a3 b5 10. Ne5 Nxe5 11. Bxe5 Bd6 12. Bxd6 Qxd6 13. Re1 Bb7 14. e4 dxe4
15. Nxe4 Bxe4 16. Bxe4 Nxe4 17. Rxe4 Rfd8 18. Qf3 Rac8 19. c3 Qd3 20. Qxd3 Rxd3
21. Kf1 Kf8 22. f4 Rcd8 23. Ke1 Rd2 24. Re2 Rxe2+ 25. Kxe2 Ke7 26. g4 f6 27. a4
b4 28. cxb4 Rd4 29. b5 axb5 30. a5 Rd7 31. a6 Ra7 32. Ra5 h6 33. Rxb5 Rxa6 34.
Rb7+ Kf8 35. b4 g5 1/2-1/2

[Event "MMaS_2014_U12"]
[Site "?"]
[Date "2014.10.25"]
[Round "2.3"]
[White "Krejcok, Tobias"]
[Black "Tajovsky, Matej"]
[Result "1-0"]
[WhiteElo "1594"]
[BlackElo "1407"]
[PlyCount "33"]
[EventDate "2014.??.??"]

1. e4 c5 2. Nf3 d6 3. d4 cxd4 4. Nxd4 Nf6 5. Nc3 Nc6 6. Be3 Ng4 7. Be2 Nxe3 8.
fxe3 g6 9. O-O Bh6 10. Qd3 O-O 11. a3 Ne5 12. Qd2 Bg4 13. Nd5 Qd7 14. Rac1 Bxe2
15. Qxe2 Rac8 16. c4 e6 17. Nf6+ 1-0

[Event "MMaS_2014_U12"]
[Site "?"]
[Date "2014.10.25"]
[Round "2.4"]
[White "Bosak, Rene"]
[Black "Mica, Marek"]
[Result "0-1"]
[WhiteElo "1407"]
[BlackElo "1582"]
[PlyCount "72"]
[EventDate "2014.??.??"]

1. e4 c5 2. Nf3 d6 3. d4 cxd4 4. Nxd4 Nf6 5. Nc3 g6 6. Bd3 Bg7 7. Bd2 O-O 8.
O-O Nc6 9. Nxc6 bxc6 10. Bc4 Bd7 11. Re1 Rb8 12. Be3 Qc7 13. Bf4 Nh5 14. Bg5
Nf6 15. Bf4 Ng4 16. h3 Ne5 17. Bb3 h6 18. Be3 g5 19. f4 gxf4 20. Bxf4 Ng6 21.
Be3 e6 22. Qg4 d5 23. exd5 cxd5 24. Qh5 d4 25. Bxd4 Bxd4+ 26. Kh1 Bxc3 27. bxc3
Qxc3 28. Rad1 Kh7 29. Rf1 Bc6 30. Rd3 Qe5 31. Qg4 Bb5 32. c4 Bc6 33. Rg3 h5 34.
Rxf7+ Rxf7 35. Qxg6+ Kh8 36. Rg5 Rf1# 0-1

[Event "MMaS_2014_U12"]
[Site "?"]
[Date "2014.10.25"]
[Round "2.5"]
[White "Richterova, Julie"]
[Black "Targosz, Jiri"]
[Result "1-0"]
[WhiteElo "1564"]
[BlackElo "1370"]
[PlyCount "33"]
[EventDate "2014.??.??"]

1. d4 e6 2. c4 c5 3. Nf3 d5 4. Bg5 f6 5. Bh4 Bd6 6. cxd5 exd5 7. e3 Bg4 8. Be2
b6 9. Nc3 Ne7 10. Bg3 O-O 11. O-O Nbc6 12. dxc5 bxc5 13. Nxd5 Bxg3 14. Nxe7+
Qxe7 15. hxg3 Rab8 16. Qd5+ Qe6 17. Bc4 1-0

[Event "MMaS_2014_U12"]
[Site "?"]
[Date "2014.10.25"]
[Round "2.6"]
[White "Vsetulova, Viktorie"]
[Black "Ocko, Dominik"]
[Result "0-1"]
[WhiteElo "1393"]
[BlackElo "1561"]
[PlyCount "130"]
[EventDate "2014.??.??"]

1. e4 c5 2. Nf3 d6 3. d4 cxd4 4. Nxd4 Nf6 5. Nc3 a6 6. Bg5 e5 7. Nf3 Be7 8. Bc4
Qc7 9. Bb3 Nbd7 10. O-O O-O 11. Ba4 Nc5 12. Bb3 Ncxe4 13. Nxe4 Nxe4 14. Bxe7
Qxe7 15. Re1 Nc5 16. Bd5 Be6 17. a3 Bxd5 18. Qxd5 Rac8 19. Rad1 Rfd8 20. Rd2 h6
21. Red1 e4 22. Nd4 e3 23. Nf5 exf2+ 24. Rxf2 Qe6 25. Nxd6 Rxd6 26. Qxd6 Qxd6
27. Rxd6 Ne4 28. Rdd2 Nxf2 29. Rxf2 Rc6 30. Rd2 Kf8 31. Rd7 Rb6 32. b3 g6 33.
Kf2 Kg7 34. Ke3 Kf6 35. Kd4 Ke6 36. Rd5 Rd6 37. Rxd6+ Kxd6 38. Kc4 f6 39. Kd4
Kc6 40. Kc4 Kd6 41. a4 Kc6 42. c3 Kd6 43. b4 h5 44. b5 a5 45. b6 Kc6 46. Kd4
Kxb6 47. Kd5 Kc7 48. Kc5 b6+ 49. Kb5 g5 50. c4 f5 51. c5 bxc5 52. Kxc5 f4 53.
Kd4 Kd6 54. Ke4 Ke6 55. Kf3 Kf5 56. g3 g4+ 57. Kf2 f3 58. h4 Ke4 59. Ke1 Ke3
60. Kf1 f2 61. Kg2 Ke2 62. Kh2 Ke1 63. Kg2 f1=Q+ 64. Kh2 Qh3+ 65. Kg1 Qxg3+ 0-1

[Event "MMaS_2014_U12"]
[Site "?"]
[Date "2014.10.25"]
[Round "2.7"]
[White "Nemec, David"]
[Black "Kriz, Tomas"]
[Result "1/2-1/2"]
[WhiteElo "1559"]
[BlackElo "1357"]
[PlyCount "21"]
[EventDate "2014.??.??"]

1. e4 e6 2. d4 d5 3. exd5 exd5 4. Bd3 Bd6 5. Ne2 Ne7 6. Bf4 Bf5 7. O-O O-O 8.
Nbc3 Bxd3 9. Qxd3 c6 10. Bg3 Qc7 11. Rfe1 1/2-1/2

[Event "MMaS_2014_U12"]
[Site "?"]
[Date "2014.10.25"]
[Round "2.8"]
[White "Grcek, Tomas"]
[Black "Szotkowski, David"]
[Result "1/2-1/2"]
[WhiteElo "1355"]
[BlackElo "1532"]
[PlyCount "61"]
[EventDate "2014.??.??"]

1. c4 c5 2. g3 g6 3. Bg2 Bg7 4. Nc3 Nc6 5. d3 Nf6 6. Nf3 b6 7. O-O Bb7 8. Be3
O-O 9. Qd2 a6 10. Bh6 Qc7 11. Bxg7 Kxg7 12. Nd5 Qd8 13. Nxf6 exf6 14. d4 d6 15.
d5 Ne5 16. Nxe5 fxe5 17. e4 b5 18. b3 Rb8 19. Rab1 Qd7 20. f4 Rfe8 21. fxe5
Rxe5 22. Rf2 Rbe8 23. Rbf1 Rf8 24. Rf4 b4 25. Rh4 h5 26. Bh3 Qe7 27. Rhf4 Rxe4
28. Qb2+ Kh7 29. Qf6 Qxf6 30. Rxf6 Re7 31. Rxd6 1/2-1/2

[Event "MMaS_2014_U12"]
[Site "?"]
[Date "2014.10.25"]
[Round "2.9"]
[White "Sebesta, Jan"]
[Black "Kijonka, Ondrej"]
[Result "1-0"]
[WhiteElo "1511"]
[BlackElo "1342"]
[PlyCount "59"]
[EventDate "2014.??.??"]

1. e4 e5 2. Bc4 Nf6 3. d4 exd4 4. Nf3 Bb4+ 5. c3 dxc3 6. bxc3 Bc5 7. e5 Ng4 8.
O-O d6 9. exd6 Bxd6 10. Re1+ Be7 11. Qxd8+ Kxd8 12. Bxf7 Rf8 13. Bb3 b6 14.
Rd1+ Nd7 15. Be6 Bd6 16. Bxg4 Bb7 17. Bg5+ Kc8 18. Bxd7+ Kxd7 19. Nbd2 h6 20.
Be3 g5 21. h3 h5 22. Bxg5 Rg8 23. h4 Raf8 24. Re1 Kc8 25. Re2 Bf4 26. Rae1 Bxg5
27. Nxg5 Kb8 28. Ndf3 Bxf3 29. Nxf3 Rxf3 30. Re8+ 1-0

[Event "MMaS_2014_U12"]
[Site "?"]
[Date "2014.10.25"]
[Round "2.10"]
[White "Oplustil, Pavel"]
[Black "Dvorakova, Olga"]
[Result "0-1"]
[WhiteElo "1310"]
[BlackElo "1510"]
[PlyCount "60"]
[EventDate "2014.??.??"]

1. e4 c5 2. Nf3 d6 3. d4 cxd4 4. Nxd4 Nf6 5. Nc3 Nc6 6. f3 e6 7. Be3 a6 8. Be2
Be7 9. O-O O-O 10. f4 Qb6 11. b3 Qc7 12. Qd2 b5 13. a3 Bd7 14. b4 Rac8 15. Rac1
Nxd4 16. Bxd4 e5 17. fxe5 dxe5 18. Bc5 Bxc5+ 19. Kh1 Bd4 20. Nd5 Nxd5 21. exd5
Qc3 22. Qg5 Be3 23. Qh4 Bxc1 24. Rxc1 Qd2 25. Re1 Qxd5 26. Bd3 h6 27. Re3 Qd4
28. Re4 Qd6 29. Qg3 Bf5 30. Rd4 Qxd4 0-1

[Event "MMaS_2014_U12"]
[Site "?"]
[Date "2014.10.25"]
[Round "2.11"]
[White "Hrabal, Matej"]
[Black "Ivanov, Mikhail"]
[Result "1-0"]
[WhiteElo "1498"]
[BlackElo "1299"]
[PlyCount "35"]
[EventDate "2014.??.??"]

1. e4 e5 2. Nf3 Nc6 3. Nc3 Nf6 4. d4 exd4 5. Nxd4 Bb4 6. Nxc6 bxc6 7. Bd3 d5 8.
exd5 cxd5 9. O-O O-O 10. Bg5 h6 11. Bh4 d4 12. Ne4 Bd6 13. Bxf6 gxf6 14. Qh5
Bf4 15. g3 Be5 16. Qxh6 f5 17. Ng5 a6 18. Qh7# 1-0

[Event "MMaS_2014_U12"]
[Site "?"]
[Date "2014.10.25"]
[Round "2.12"]
[White "Lapcik, Roman"]
[Black "Kures, Michael"]
[Result "0-1"]
[WhiteElo "1071"]
[BlackElo "1486"]
[PlyCount "64"]
[EventDate "2014.??.??"]

1. e4 e5 2. Nf3 Nf6 3. Nc3 Nc6 4. Bb5 d6 5. O-O Bg4 6. Be2 Be7 7. h3 Bh5 8. Ng5
Bxe2 9. Qxe2 Nd4 10. Qd3 O-O 11. Ne2 Nxe2+ 12. Qxe2 Qd7 13. d3 h6 14. Nf3 Qb5
15. a4 Qd7 16. d4 exd4 17. Nxd4 Rfe8 18. Bd2 Bf8 19. f3 d5 20. Qd3 dxe4 21.
fxe4 Rxe4 22. Bc3 Ree8 23. Nb5 Bc5+ 24. Kh1 Qxd3 25. cxd3 Nd5 26. Rf5 c6 27.
Rxd5 cxd5 28. Nc7 d4 29. Nxa8 dxc3 30. Nc7 Rc8 31. Nd5 cxb2 32. Rb1 Bd6 0-1